Diálogos de educación / (Record no. 182999)

MARC details
000 -LEADER
campo de control de longitud fija 00641nam a2200193 i 4500
001 - NÚMERO DE CONTROL
campo de control 182999
003 - IDENTIFICADOR DE NÚMERO DE CONTROL
campo de control ES-MaACL
005 - FECHA Y HORA DE LA ÚLTIMA TRANSACCIÓN
campo de control 20251011063200.0
008 - DATOS DE LONGITUD FIJA--INFORMACIÓN GENERAL
campo de control de longitud fija 140110s2013 sp a | |||||||| | spa d
020 ## - NÚMERO INTERNACIONAL ESTÁNDAR DEL LIBRO
Número Internacional Estándar del Libro 978-84-92497-50-8
100 1# - ENTRADA PRINCIPAL--NOMBRE DE PERSONA
Nombre de persona Negrete Alcudia, Juan Antonio,
Fechas asociadas al nombre 1969-
9 (RLIN) 154116
245 10 - MENCIÓN DEL TÍTULO
Título Diálogos de educación /
Mención de responsabilidad, etc. Juan Antonio Negrete Alcudia.
260 ## - PUBLICACIÓN, DISTRIBUCIÓN, ETC.
Lugar de publicación, distribución, etc. Morata de Tajuña :
Nombre del editor, distribuidor, etc. Manuscritos,
Fecha de publicación, distribución, etc. imp. 2013.
300 ## - DESCRIPCIÓN FÍSICA
Extensión 241 p. :
Otras características físicas il. ;
Dimensiones 23 cm.
650 #7 - PUNTO DE ACCESO ADICIONAL DE MATERIA--TÉRMINO DE MATERIA
Término de materia o nombre geográfico como elemento de entrada Educación
Fuente del encabezamiento o término embne
9 (RLIN) 12073
852 ## - LOCALIZACIÓN
Ubicación ES-MaACL
Número de control de estantería A-12950
itemnumber 189932
Sublocalización o colección R.149831
Ubicación en estantería Depósito 1
Signatura antigua Olim: N-5950
942 ## - ELEMENTOS DE ENTRADA SECUNDARIOS (KOHA)
Fuente del sistema de clasificación o colocación Clasificación decimal universal
Tipo de ítem Koha Libro impreso
Holdings
Estatus retirado Estado de pérdida Fuente del sistema de clasificación o colocación Estado de daño No para préstamo Biblioteca de origen Biblioteca actual Ubicación en estantería Fecha de adquisición Fuente de adquisición Total de préstamos Signatura topográfica completa Código de barras Visto por última vez Precio de reemplazo Tipo de ítem Koha
    Clasificación decimal universal     Biblioteca del Ateneo de Madrid Biblioteca del Ateneo de Madrid Depósito 1 10/01/2014 Donación   A-12950 1192338 23/02/2023 23/02/2023 Libro impreso